| Tag |
First Indicator |
Second Indicator |
Subfields |
| LEADER |
00000cam a2200000 a 4500 |
| 001 |
in00001468021 |
| 005 |
20231005140254.1 |
| 008 |
991019s1998 enka b 000 0 eng d |
| 035 |
|
|
|a (OCoLC)42665049
|
| 035 |
|
|
|9 AJF2010AM
|
| 040 |
|
|
|a TXA
|c TXA
|d UtOrBLW
|
| 043 |
|
|
|a e-uk---
|
| 049 |
|
|
|a TXAM
|
| 090 |
|
|
|a TA1057.A1
|b T755 no. 377
|
| 100 |
1 |
|
|a Webster, David C.
|
| 245 |
1 |
0 |
|a Traffic calming :
|b sinusoidal, 'H' and 'S' humps /
|c D.C. Webster and R.E. Layfield.
|
| 264 |
|
1 |
|a Crowthorne, Berkshire :
|b Transport Research Laboratory,
|c 1998.
|
| 300 |
|
|
|a iv, 24 pages :
|b illustrations (some color) ;
|c 30 cm.
|
| 336 |
|
|
|a text
|b txt
|2 rdacontent
|
| 337 |
|
|
|a unmediated
|b n
|2 rdamedia
|
| 338 |
|
|
|a volume
|b nc
|2 rdacarrier
|
| 490 |
1 |
|
|a TRL report,
|v 377
|
| 500 |
|
|
|a "Prepared for Charging and Local Transport Division, Department of the Environment, Transport and the Regions."
|
| 504 |
|
|
|a Includes bibliographical references (pages 19-20).
|
| 650 |
|
0 |
|a Speed humps
|z Great Britain.
|
| 650 |
|
0 |
|a Traffic flow
|z Great Britain.
|
| 650 |
|
0 |
|a Speed limits
|z Great Britain.
|
| 700 |
1 |
|
|a Layfield, R. E.
|
| 710 |
2 |
|
|a Transport Research Laboratory (Great Britain)
|
| 710 |
1 |
|
|a Great Britain.
|b Charging and Local Transport Division.
|
| 830 |
|
0 |
|a TRL report ;
|v no. 377.
|
| 856 |
4 |
1 |
|z Available freely from Transport Research Laboratory (TRL) publications Repository
|u https://www.trl.co.uk/publications/trl377
|t 0
|
| 948 |
|
|
|a o:jls
|
| 999 |
|
|
|a MARS
|
| 999 |
f |
f |
|s be34afb7-0d14-31da-be08-eb24c11f2e28
|i 2ff335e8-f395-35af-b74e-8d50afc728f7
|t 0
|
| 952 |
f |
f |
|p ric
|a Texas A&M University
|b Rellis Campus
|c Joint Library Facility
|d Remote Storage
|t 0
|e TA1057.A1 T755 no.377
|h Library of Congress classification
|i unmediated -- volume
|m A14825298976
|
| 998 |
f |
f |
|a TA1057.A1 T755 no.377
|t 0
|l Remote Storage
|